Annals of tourism research
Αποθηκεύτηκε σε:
| Μορφή: | Περιοδική έκδοση |
|---|---|
| Γλώσσα: | English |
| Δημοσίευση: |
New York :
Pergamon,
1973-
|
| Θέματα: | |
| Ετικέτες: |
Προσθήκη ετικέτας
Δεν υπάρχουν, Καταχωρήστε ετικέτα πρώτοι!
|
MARC
| LEADER | 00000nas a2200000 i 4500 | ||
|---|---|---|---|
| 001 | 1/97613 | ||
| 008 | 030305c19739999us r r 0 |eng|| | ||
| 022 | |a 0160-7383 | ||
| 035 | |l 10056204 | ||
| 040 | |a GR-MY-UA |b gre |e aacr | ||
| 041 | 0 | |a eng | |
| 082 | 0 | |a 338.4791 |2 (21) | |
| 245 | 1 | 0 | |a Annals of tourism research |h [περιοδικό] |
| 260 | |a New York : |b Pergamon, |c 1973- | ||
| 300 | |a v. ; |c 24 εκ. | ||
| 310 | |a Τριμηνιαίο | ||
| 500 | |a A social sciences journal. | ||
| 500 | |a Vol.21:No.1-Vol.22:No.1 (1994:MAR-1995:MAR), Vol.23:No.1-Vol.29:No.3 (1996:JAN-2002:JUL). | ||
| 650 | 0 | 0 | |a Tourism |x Periodicals. |
| 853 | |a INST |b LESVOS |c SER |h 338.4791 | ||
| 922 | |a 1ΕΛΗ |b 199401 |c ΤΜΗΜΑ ΓΕΩΓΡΑΦΙΑΣ | ||
| 970 | |a ΤΖΑΦΕΡΗ |b ΕΥΑΓΓΕΛΙΑ |z 2003/05/03 | ||